000
00304nam a22001217a 4500
008
180124b xxu||||| |||| 00| 0 eng d
041
_a
eng
080
_2
15 ed
_a
33
100
_a
52
101
_a
eco
245
_a
economics today the macro view and the micro view
_c
miller.r.l
942
_2
udc
_c
BK
999
_c
40845
_d
40845